[Event "GER-ch U10"]
[Site "Willingen"]
[Date "2024.05.24"]
[Round "10"]
[White "Nikolic, Luka"]
[Black "Zielke, Mika"]
[Result "0-1"]
[WhiteElo "1145"]
[BlackElo "1617"]
[PlyCount "110"]
[EventDate "2024.05.19"]
[EventType "swiss"]
[EventRounds "11"]
[EventCountry "GER"]
[SourceTitle "CBM 220 Extra"]
[Source "ChessBase"]
[SourceDate "2024.07.31"]
[SourceVersion "1"]
[SourceVersionDate "2024.07.31"]
[SourceQuality "1"]

1. d4 Nf6 2. c4 e6 3. Nc3 Bb4 4. Qc2 0-0 5. Nf3 d6 6. Bf4 Re8 7. a3 Bxc3+ 8. Qxc3 Nbd7 9. e3 Qe7 10. Be2 b6 11. 0-0 Bb7 12. Rad1 e5 13. dxe5 Nxe5 14. Nxe5 dxe5 15. Bg5 Ne4 16. Bxe7 Nxc3 17. bxc3 Rxe7 18. Rb1 Rd8 19. Rfd1 Red7 20. h3 c5 21. Rxd7 Rxd7 22. Rd1 Rxd1+ 23. Bxd1 Kf8 24. f3 Ke7 25. e4 Kd6 26. Ba4 Bc6 27. Bb5 Bxb5 28. cxb5 c4 29. Kf2 Kc7 30. Ke2 Kb7 31. Kd2 a6 32. bxa6+ Kxa6 33. Kc2 Kb5 34. Kb2 h5 35. Kc2 h4 36. Kb2 Kc5 37. Kc2 Kd6 38. Kd2 b5 39. Kd1 Ke6 40. Ke2 f5 41. Ke3 Kf6 42. f4 g5 43. fxe5+ Kxe5 44. exf5 Kxf5 45. Kf3 g4+ 46. Kf2 gxh3 47. gxh3 Kf4 48. Kf1 Kf3 49. Ke1 Ke3 50. Kd1 Kd3 51. Kc1 Kxc3 52. Kb1 Kb3 53. Ka1 c3 54. a4 c2 55. axb5 c1R# 0-1

[Event "GER-ch U10"]
[Site "Willingen"]
[Date "2024.05.24"]
[Round "9"]
[White "Zielke, Mika"]
[Black "Katzenstein, Alexander"]
[Result "1-0"]
[WhiteElo "1617"]
[BlackElo "1275"]
[PlyCount "107"]
[EventDate "2024.05.19"]
[EventType "swiss"]
[EventRounds "11"]
[EventCountry "GER"]
[SourceTitle "CBM 220 Extra"]
[Source "ChessBase"]
[SourceDate "2024.07.31"]
[SourceVersion "1"]
[SourceVersionDate "2024.07.31"]
[SourceQuality "1"]

1. e4 c5 2. Nf3 d6 3. d4 cxd4 4. Nxd4 Nf6 5. Nc3 g6 6. f3 Nc6 7. Be3 Bg7 8. Qd2 0-0 9. Nxc6 bxc6 10. g4 Qa5 11. Nb1 Qxd2+ 12. Nxd2 Nd7 13. c3 Nc5 14. Bxc5 dxc5 15. Nb3 Rb8 16. 0-0-0 Bh6+ 17. Kb1 f5 18. gxf5 gxf5 19. e5 Bf4 20. Bc4+ Kh8 21. e6 Bd6 22. Rde1 Rg8 23. Re2 Rb6 24. Rd1 Ba6 25. Na5 Rd8 26. Bxa6 Rxa6 27. Nc4 Bc7 28. Rxd8+ Bxd8 29. Re5 Kg7 30. Rxf5 Kg6 31. Rf7 h5 32. Ne5+ Kg5 33. Nd7 Ra4 34. Nxc5 Ra5 35. Nb7 Rd5 36. Nxd8 Rxd8 37. Rxe7 Kf6 38. Rd7 Rxd7 39. exd7 Ke7 40. Kc2 Kxd7 41. Kd3 Kd6 42. Ke4 Ke6 43. f4 Kf6 44. f5 a6 45. b4 h4 46. Kf4 h3 47. a4 Kf7 48. Kg5 Kg7 49. f6+ Kf7 50. Kf5 Kf8 51. Kg6 Kg8 52. f7+ Kf8 53. a5 Ke7 54. Kg7 1-0

[Event "GER-ch U10"]
[Site "Willingen"]
[Date "2024.05.20"]
[Round "4"]
[White "Zielke, Mika"]
[Black "Liu, Yichen"]
[Result "1-0"]
[WhiteElo "1617"]
[BlackElo "1212"]
[PlyCount "149"]
[EventDate "2024.05.19"]
[EventType "swiss"]
[EventRounds "11"]
[EventCountry "GER"]
[SourceTitle "CBM 220 Extra"]
[Source "ChessBase"]
[SourceDate "2024.07.31"]
[SourceVersion "1"]
[SourceVersionDate "2024.07.31"]
[SourceQuality "1"]

1. e4 c6 2. Nc3 d5 3. Qf3 dxe4 4. Nxe4 Nf6 5. Nxf6+ exf6 6. Bc4 Bc5 7. Ne2 0-0 8. 0-0 Be6 9. Bb3 Re8 10. c3 Qd7 11. Bxe6 Qxe6 12. Nf4 Qe7 13. d4 Bb6 14. Bd2 Nd7 15. Rfe1 Qd8 16. Rxe8+ Qxe8 17. Re1 Qd8 18. Qe2 h6 19. Qe7 Bc7 20. Nd3 Nb6 21. Nc5 Bd6 22. Qxd8+ Rxd8 23. Nxb7 Rd7 24. Nxd6 Rxd6 25. Bf4 Re6 26. Rxe6 fxe6 27. Kf1 Nc4 28. b3 Nb6 29. c4 Nd7 30. Be3 a6 31. Ke2 Kf7 32. Kd3 Ke7 33. Kc3 Kd8 34. Kb4 Kc7 35. f4 f5 36. h3 g6 37. a4 h5 38. Kc3 Kb7 39. b4 Kc7 40. c5 Kb8 41. Kd3 Kc7 42. Bf2 Kb7 43. Bh4 Kc7 44. Be7 Nb8 45. Bd6+ Kc8 46. Bxb8 Kxb8 47. Ke3 Kc7 48. Kf3 Kd7 49. Kg3 Ke7 50. Kh4 Kf6 51. g3 Kf7 52. Kg5 Kg7 53. h4 Kf7 54. Kh6 Kf6 55. Kh7 Kf7 56. a5 Kf6 57. Kg8 Ke7 58. Kg7 Ke8 59. Kxg6 Kf8 60. Kxh5 Kg7 61. Kg5 Kf7 62. h5 Kg7 63. h6+ Kh7 64. Kf6 Kxh6 65. Kxe6 Kg6 66. Ke5 Kf7 67. Kxf5 Ke7 68. g4 Kf7 69. g5 Kg7 70. g6 Kf8 71. Kf6 Kg8 72. g7 Kh7 73. Kf7 Kh6 74. g8Q Kh5 75. Qg5# 1-0

[Event "GER-ch U10"]
[Site "Willingen"]
[Date "2024.05.19"]
[Round "2"]
[White "Zielke, Mika"]
[Black "Sutharjan, Dakxwin"]
[Result "0-1"]
[WhiteElo "1617"]
[BlackElo "1768"]
[PlyCount "90"]
[EventDate "2024.05.19"]
[EventType "swiss"]
[EventRounds "11"]
[EventCountry "GER"]
[SourceTitle "CBM 220 Extra"]
[Source "ChessBase"]
[SourceDate "2024.07.31"]
[SourceVersion "1"]
[SourceVersionDate "2024.07.31"]
[SourceQuality "1"]

1. e4 d5 2. exd5 Nf6 3. Nf3 Nxd5 4. d4 g6 5. c4 Nb6 6. Nc3 Bg7 7. c5 Nd5 8. Bc4 Nxc3 9. bxc3 0-0 10. 0-0 Nc6 11. Re1 Bg4 12. h3 Bxf3 13. Qxf3 Nxd4 14. cxd4 Qxd4 15. Bg5 Qxc4 16. Rac1 Qxa2 17. Bxe7 Rfe8 18. Qxb7 Bd4 19. Bh4 Qa5 20. Rxe8+ Rxe8 21. Qc6 Re1+ 22. Rxe1 Qxe1+ 23. Kh2 Qe5+ 24. Bg3 Qxc5 25. Qxc5 Bxc5 26. f3 Bd6 27. f4 g5 28. Bf2 a5 29. Be1 a4 30. g3 gxf4 31. gxf4 Bxf4+ 32. Kg2 a3 33. Bc3 Bc1 34. Kf2 Bb2 35. Ke2 Bxc3 36. Kd3 a2 37. Kxc3 a1Q+ 38. Kc4 Qa5 39. h4 h5 40. Kd4 Qb5 41. Ke4 Qc5 42. Kf4 Qd4+ 43. Kg5 Qe5+ 44. Kh6 Qf6+ 45. Kxh5 Qg6# 0-1